Foreign direct investment in Sobrance district. Why and where to invest?
Silné a slabé stránky okresu Sobrance. Príležitosti a hrozby okresu, ktoré môžu ovplyvniť jeho budúci rozvoj a posilniť priame zahraničné investície v tejto oblasti.
Saved in:
| Main Author: | |
|---|---|
| Other Authors: | , |
| Format: | Book Chapter |
| Language: | English |
| Subjects: | |
| Tags: |
No Tags, Be the first to tag this record!
|
MARC
| LEADER | 00000naa a2200000 4500 | ||
|---|---|---|---|
| 001 | 0166901 | ||
| 005 | 20240502072917.1 | ||
| 041 | 0 | |a eng | |
| 044 | |a SK | ||
| 245 | 1 | 0 | |a Foreign direct investment in Sobrance district. Why and where to invest? |c Lenka Pčolinská, Sergej Strajňák, Albína Kostková |
| 520 | |a Silné a slabé stránky okresu Sobrance. Príležitosti a hrozby okresu, ktoré môžu ovplyvniť jeho budúci rozvoj a posilniť priame zahraničné investície v tejto oblasti. | ||
| 610 | 2 | 0 | |a Slovensko |
| 610 | 2 | 0 | |a zdroje energie obnoviteľné |
| 610 | 2 | 0 | |a investície priame zahraničné |
| 610 | 2 | 0 | |a prostredie podnikateľské |
| 100 | 1 | |a Pčolinská, Lenka | |
| 700 | 1 | |a Strajňák, Sergej | |
| 700 | 1 | |a Kostková, Albína, 1951- | |